[Event "World Blitz 2025"]
[Site "Doha QAT"]
[Date "2025.12.29"]
[Round "4.60"]
[White "Oro, Faustino"]
[Black "Dominguez Perez, Leinier"]
[Result "1-0"]
[WhiteTitle "IM"]
[BlackTitle "GM"]
[WhiteElo "2503"]
[BlackElo "2738"]
[WhiteFideId "20000197"]
[BlackFideId "3503240"]
[EventDate "2025.12.29"]

1. e4 c5 2. Nf3 d6 3. d4 cxd4 4. Nxd4 Nf6 5. Nc3 a6 6. Be2 e5 7. Nb3 Be7 8. O-O
O-O 9. Qd3 Be6 10. Bd2 Nbd7 11. Nd5 Bxd5 12. exd5 Rc8 13. c4 Re8 14. Na5 Qc7 15.
b4 e4 16. Qg3 Ne5 17. Rac1 Qd7 18. a3 Bd8 19. Nb3 g6 20. Rfd1 h5 21. h3 b6 22.
Nd4 Kh7 23. Re1 Kg8 24. Qf4 Qa4 25. Qg3 Qd7 26. Bf4 Kh7 27. Qe3 Bc7 28. Red1 Bd8
29. Bg3 Kg8 30. Rc2 Kh7 31. Ra1 Kg8 32. a4 Kh7 33. b5 axb5 34. axb5 Rc5 35. Ra6
Qc8 36. Bxe5 Rxe5 37. Rca2 Rxc4 38. Ra8 Rc1+ 39. Kh2 Qc5 40. Rxd8 Rc3 41. Qf4
Kg7 42. Ne6+ fxe6 1-0

[Event "World Blitz 2025"]
[Site "Doha QAT"]
[Date "2025.12.29"]
[Round "4.61"]
[White "Aravindh, Chithambaram VR."]
[Black "Can, Emre"]
[Result "1-0"]
[WhiteTitle "GM"]
[BlackTitle "GM"]
[WhiteElo "2703"]
[BlackElo "2541"]
[WhiteFideId "5072786"]
[BlackFideId "6302181"]
[EventDate "2025.12.29"]

1. e4 c5 2. Nf3 d6 3. d4 cxd4 4. Nxd4 Nf6 5. Nc3 Nc6 6. Bg5 Bd7 7. Qd2 Rc8 8.
Nb3 a6 9. Be2 e6 10. O-O h6 11. Bf4 Ne5 12. a4 Be7 13. a5 O-O 14. Be3 Qc7 15.
Bb6 Qb8 16. Kh1 Bc6 17. Qe3 d5 18. f4 Ned7 19. e5 Ne4 20. Bd4 f5 21. exf6 Ndxf6
22. Nxe4 Nxe4 23. Bg4 Bd7 24. c3 Bd6 25. g3 Rce8 26. Nd2 Nxd2 27. Qxd2 Bc6 28.
Rae1 e5 29. fxe5 Rxf1+ 30. Rxf1 Bxe5 31. Bf3 Qd8 32. b4 Qd7 33. Kg2 Bxd4 34.
Qxd4 Qf5 35. Rf2 Rf8 36. h4 Rf7 37. Kh2 g5 38. Kg2 gxh4 39. Qxh4 d4 1-0

[Event "World Blitz 2025"]
[Site "Doha QAT"]
[Date "2025.12.29"]
[Round "4.62"]
[White "Lazavik, Denis"]
[Black "Tin, Jingyao"]
[Result "1-0"]
[WhiteTitle "GM"]
[BlackTitle "GM"]
[WhiteElo "2605"]
[BlackElo "2584"]
[WhiteFideId "13515110"]
[BlackFideId "5804418"]
[EventDate "2025.12.29"]

1. d4 d5 2. Nf3 Nf6 3. Bg5 Nbd7 4. e3 c6 5. Nbd2 e6 6. Bd3 Be7 7. O-O O-O 8. Qe2
h6 9. Bf4 Nh5 10. Rfe1 c5 11. c3 b6 12. Ne5 Nxf4 13. exf4 Bb7 14. Rad1 cxd4 15.
cxd4 Nf6 16. a3 Rc8 17. g3 Bd6 18. h4 Rc7 19. Qf3 Qc8 20. Kh2 Rd8 21. g4 Ne4 22.
g5 hxg5 23. hxg5 Bxe5 24. fxe5 Nxg5 25. Qf4 Ne4 26. Rg1 Kf8 27. Nf3 Ke7 28. Rxg7
Rh8+ 29. Kg2 Qf8 30. Rg4 Qh6 31. Qxh6 Rxh6 32. Ng1 f6 33. Rg7+ Kd8 34. Rg8+ Ke7
35. f3 Kf7 36. Rg4 f5 37. Rf4 Rg6+ 38. Kf1 Ng3+ 39. Kf2 Nh1+ 40. Ke3 Ng3 41. Rh4
Kg7 42. Nh3 Rh6 43. Rxh6 Kxh6 44. Nf4 Bc8 45. Rg1 Rg7 46. Kf2 Nh5 47. Rh1 Rg5
48. Bb5 1-0

[Event "World Blitz 2025"]
[Site "Doha QAT"]
[Date "2025.12.29"]
[Round "4.63"]
[White "Santos Latasa, Jaime"]
[Black "Zverev, Lev"]
[Result "1-0"]
[WhiteTitle "GM"]
[BlackTitle "IM"]
[WhiteElo "2616"]
[BlackElo "2453"]
[WhiteFideId "2293307"]
[BlackFideId "24250775"]
[EventDate "2025.12.29"]

1. e4 e5 2. Nf3 Nc6 3. Bc4 Bc5 4. O-O Nf6 5. d3 d6 6. c3 a5 7. Re1 O-O 8. h3 h6
9. Nbd2 Be6 10. Bb5 Nd7 11. Nf1 f5 12. exf5 Bxf5 13. d4 exd4 14. cxd4 Bb6 15.
Ng3 Bg6 16. a3 Nf6 17. Be3 Nd5 18. Bc4 Ne7 19. Bd2 c6 20. a4 Kh8 21. Ra3 Nb4 22.
Bxb4 axb4 23. Rae3 Nf5 24. Nxf5 Bxf5 25. Bd3 Bxd3 26. Qxd3 Rxa4 27. Re6 Ra8 28.
Qg6 Rg8 29. Re7 Ra1 30. Ng5 Rxe1+ 31. Kh2 1-0

[Event "World Blitz 2025"]
[Site "Doha QAT"]
[Date "2025.12.29"]
[Round "4.64"]
[White "Daneshvar, Bardiya"]
[Black "Le, Tuan Minh"]
[Result "1-0"]
[WhiteTitle "GM"]
[BlackTitle "GM"]
[WhiteElo "2600"]
[BlackElo "2598"]
[WhiteFideId "12576468"]
[BlackFideId "12401153"]
[EventDate "2025.12.29"]

1. e4 e5 2. Nf3 Nc6 3. Bb5 a6 4. Ba4 Bc5 5. c3 Nge7 6. O-O Ng6 7. d4 Ba7 8. Bxc6
dxc6 9. Nxe5 Nxe5 10. dxe5 Qe7 11. Qf3 Qxe5 12. Bf4 Qe7 13. Nd2 O-O 14. Qg3 Bb6
15. Rae1 Be6 16. e5 Bf5 17. Ne4 Kh8 18. h4 h6 19. h5 Qe6 20. Re2 Rad8 21. Rfe1
Rd7 22. Rd2 Rfd8 23. Rxd7 Rxd7 24. b3 Bxe4 25. Rxe4 Bc5 26. Qf3 a5 27. g4 Kh7
28. Kg2 b5 29. Re2 Kg8 30. Bg3 Rd5 31. Qf5 Be7 32. Qxe6 fxe6 33. Rc2 Rd3 34. c4
b4 35. Bf4 Bc5 36. Rd2 Rxd2 37. Bxd2 Kf7 38. Kf3 Bd4 39. Bf4 c5 40. Bg3 c6 41.
Ke4 Ke7 42. Bh4+ Ke8 43. f4 Bb2 44. f5 Kd7 45. Bf2 Bc1 46. Bxc5 Bg5 47. Bf8 Ke8
48. Bxg7 Kf7 49. Bh8 c5 50. Bf6 Bxf6 51. fxe6+ Kxe6 52. exf6 Kxf6 53. Kf4 1-0

[Event "World Blitz 2025"]
[Site "Doha QAT"]
[Date "2025.12.29"]
[Round "4.65"]
[White "Movahed, Sina"]
[Black "Keymer, Vincent"]
[Result "1-0"]
[WhiteTitle "GM"]
[BlackTitle "GM"]
[WhiteElo "2596"]
[BlackElo "2776"]
[WhiteFideId "42520835"]
[BlackFideId "12940690"]
[EventDate "2025.12.29"]

1. e4 e5 2. Nf3 Nc6 3. Bb5 a6 4. Ba4 Nf6 5. Qe2 b5 6. Bb3 Bc5 7. c3 d6 8. d3 h6
9. h3 Rb8 10. Nbd2 Be6 11. Nf1 O-O 12. g4 Nh7 13. Ng3 b4 14. Ba4 Ne7 15. d4 Bb6
16. d5 Bc8 17. c4 Ng6 18. Nh5 Ng5 19. h4 Nh3 20. Rxh3 Bxg4 21. Nxg7 Bxh3 22.
Bxh6 Kh7 23. Bg5 Nf4 24. Bxf4 Kxg7 25. Bg5 f6 26. Bd2 Rg8 27. O-O-O Kf7 28. Ng5+
fxg5 29. Qh5+ Rg6 30. Bxg5 Qh8 31. Qf3+ Kg7 32. Qxh3 Rf8 33. Bd7 Rxg5 34. hxg5
Qxh3 35. Bxh3 Rxf2 36. Rd3 Bd4 37. Bf5 Bxb2+ 38. Kd1 Rg2 39. g6 Bc3 40. Rh3 Rd2+
41. Kc1 Rg2 42. Rh7+ Kf6 43. Rf7+ Kg5 44. c5 a5 45. Rxc7 a4 46. g7 Kh6 47. Be6
Rxg7 48. Rxg7 Kxg7 49. c6 b3 50. axb3 a3 51. Kb1 Ba5 52. b4 Bb6 53. Ka2 Kf6 54.
Kxa3 Ke7 55. c7 Bxc7 56. Ka4 Bb6 57. Kb5 Be3 58. Kc6 Bd2 59. b5 Ba5 60. b6 Kd8
61. Bf5 1-0

[Event "World Blitz 2025"]
[Site "Doha QAT"]
[Date "2025.12.29"]
[Round "4.66"]
[White "Khubukshanov, Erdem"]
[Black "Christiansen, Johan-Sebastian"]
[Result "0-1"]
[WhiteTitle "IM"]
[BlackTitle "GM"]
[WhiteElo "2502"]
[BlackElo "2655"]
[WhiteFideId "54114527"]
[BlackFideId "1512668"]
[EventDate "2025.12.29"]

1. e4 e5 2. Nf3 Nc6 3. Bc4 Nf6 4. d3 d5 5. exd5 Nxd5 6. O-O Bg4 7. h3 Bh5 8. Re1
Qd6 9. Nbd2 O-O-O 10. Ne4 Qd7 11. Ng3 Bxf3 12. Qxf3 Nd4 13. Qd1 Nb6 14. Bb3 f6
15. Be3 Kb8 16. c3 Nc6 17. a4 Nd5 18. Bd2 Nf4 19. d4 g5 20. Qf3 h5 21. Bxf4 gxf4
22. Ne4 Qg7 23. dxe5 fxe5 24. a5 a6 25. Bc4 Na7 26. b4 Be7 27. Rab1 c6 28. Rbd1
Nc8 29. Be6 Na7 30. Kh1 Nb5 31. Bc4 Nc7 32. Rxd8+ Rxd8 33. Qxh5 Rh8 34. Qf3 Qg6
35. Kg1 Rf8 36. Rd1 Qf5 37. Bd3 Qe6 38. Bc2 Qa2 39. Rd2 Qe6 40. Kh2 Rh8 41. Qd1
Ka8 42. Bb3 Qg6 43. Qf3 Qf5 44. Kg1 Kb8 45. Kf1 Ka8 46. Rd3 Kb8 47. Bc4 Ka8 48.
Rd1 Kb8 49. Nd2 Rf8 50. Qe4 Qh5 51. Nf3 Bf6 52. Rd6 Be7 53. Rd7 Bf6 54. Bb3 Qe8
55. Rd6 Qe7 56. Rd3 Nb5 57. Nd2 Nd6 58. Qg6 e4 59. Rxd6 Qxd6 60. Nxe4 Qd3+ 61.
Kg1 Qb1+ 62. Kh2 Qxb3 63. Nxf6 Qe6 64. Qg7 Qxf6 65. Qd7 f3 66. g3 Rd8 67. Qg4
Rd2 68. Kg1 Rd1+ 69. Kh2 Ka7 70. Qc4 Qd6 71. Qe4 Qd5 72. Qe3+ Ka8 73. c4 Qd3 74.
Qe8+ Qd8 75. Qe3 Rd3 76. Qe6 Qd4 77. Qe8+ Ka7 78. Qe1 Rd2 0-1

[Event "World Blitz 2025"]
[Site "Doha QAT"]
[Date "2025.12.29"]
[Round "4.67"]
[White "Donchenko, Alexander"]
[Black "Sapenov, Daniyal"]
[Result "0-1"]
[WhiteTitle "GM"]
[BlackTitle "IM"]
[WhiteElo "2661"]
[BlackElo "2440"]
[WhiteFideId "24603295"]
[BlackFideId "13728911"]
[EventDate "2025.12.29"]

1. c4 e6 2. g3 d5 3. Bg2 Nf6 4. Nf3 Be7 5. O-O O-O 6. d4 c6 7. Qc2 b6 8. Nbd2 c5
9. cxd5 exd5 10. b3 Nc6 11. Bb2 Ba6 12. Rfe1 Rc8 13. dxc5 bxc5 14. Rac1 Qd7 15.
Qb1 d4 16. Ba3 Nd5 17. Ne4 Ncb4 18. Bb2 f5 19. Ned2 h6 20. Nc4 Bf6 21. Rcd1 Bxc4
22. bxc4 Nb6 23. Ba3 Na6 24. e3 Nxc4 25. exd4 Nxa3 26. Qb3+ Qf7 27. Qxa3 Nb4 28.
Ne5 Bxe5 29. dxe5 Kh8 30. e6 Qf6 31. Qxa7 Nc2 32. Re2 Nd4 33. Re3 f4 34. Re4
fxg3 35. fxg3 Nxe6 36. Rf1 Qc3 37. Qd7 Ng5 38. Ref4 Qe3+ 39. Kh1 Rfd8 40. Qg4
Nh7 41. Re4 Qc3 42. Re7 Qd4 43. Qg6 Nf8 44. Qf7 c4 45. Be4 c3 46. Qf5 Qc5 47.
Qxc5 Rxc5 48. Rf2 Nh7 49. Rb7 Nf6 50. Bc2 Kg8 51. Kg2 Rd2 52. h3 Re5 53. Bb3+
Kf8 54. Rc7 Re3 55. Rf7+ Ke8 56. Rxg7 Ne4 57. Rxd2 cxd2 58. Rg6 Rxb3 0-1

[Event "World Blitz 2025"]
[Site "Doha QAT"]
[Date "2025.12.29"]
[Round "4.68"]
[White "Vokhidov, Shamsiddin"]
[Black "Raja, Harshit"]
[Result "1/2-1/2"]
[WhiteTitle "GM"]
[BlackTitle "GM"]
[WhiteElo "2641"]
[BlackElo "2472"]
[WhiteFideId "14204223"]
[BlackFideId "5089000"]
[EventDate "2025.12.29"]

1. e4 c5 2. Nf3 d6 3. d4 cxd4 4. Nxd4 Nf6 5. Nc3 a6 6. a4 e5 7. Nf3 Be7 8. Bg5
Be6 9. Bxf6 Bxf6 10. Nd5 Nd7 11. Bc4 Nb6 12. Nxf6+ Qxf6 13. Bxe6 Qxe6 14. a5 Nd7
15. O-O O-O 16. Qe2 Rac8 17. Rfd1 Rc6 18. c3 Nc5 19. Nd2 h6 20. f3 Rfc8 21. Ra3
Rd8 22. c4 Qg6 23. Nf1 Ne6 24. Ne3 Nd4 25. Qf2 Kh7 26. b4 b6 27. axb6 Rxb6 28.
Nd5 Rb7 29. Rxa6 f5 30. exf5 Qxf5 31. Qe3 Rc8 32. Rc1 Nc2 33. Qc3 Nd4 34. Qe3
Nc2 35. Qe4 Qxe4 36. fxe4 Nxb4 37. Rxd6 Nd3 38. Rd1 Nb2 39. Rb1 Nxc4 40. Rxh6+ 1/2-1/2

[Event "World Blitz 2025"]
[Site "Doha QAT"]
[Date "2025.12.29"]
[Round "4.85"]
[White "Ohanyan, Emin"]
[Black "Naiditsch, Arkadij"]
[Result "1/2-1/2"]
[WhiteTitle "GM"]
[BlackTitle "GM"]
[WhiteElo "2493"]
[BlackElo "2574"]
[WhiteFideId "13312022"]
[BlackFideId "4650891"]
[EventDate "2025.12.29"]

1. d4 Nf6 2. Nf3 g6 3. g3 Bg7 4. Bg2 O-O 5. O-O d5 6. c4 dxc4 7. Na3 c3 8. bxc3
c5 9. Bb2 Nc6 10. Nc4 cxd4 11. cxd4 Nd5 12. e3 Nb6 13. Nce5 Nxe5 14. Nxe5 Rb8
15. a4 Be6 16. a5 Nc4 17. Nxc4 Bxc4 18. Re1 Qd7 19. Qa4 Qxa4 20. Rxa4 Rfc8 21.
Rc1 Ba6 22. Raa1 e6 23. h4 Bf8 24. d5 exd5 25. Bxd5 Bb4 26. Bd4 Rxc1+ 27. Rxc1
Bxa5 28. Bxa7 Rd8 29. e4 b6 30. Rb1 Bd3 31. Rb3 Bc2 32. Rb2 Bd1 33. Bxb6 Rb8 34.
Bd4 Rxb2 35. Bxb2 Bf3 36. Bf6 Kf8 37. Bc6 h5 38. Kf1 Bb4 39. Kg1 Bc5 40. Bd5 Bb4
41. Kf1 Ba5 42. Bd4 f5 43. Bc5+ Kg7 44. Bd4+ Kh7 45. Be3 fxe4 46. Bc4 Bb4 47.
Bb5 Bc3 48. Be2 Kg7 49. Bc4 Bb4 50. Bd4+ 1/2-1/2

[Event "World Blitz 2025"]
[Site "Doha QAT"]
[Date "2025.12.29"]
[Round "4.86"]
[White "Pantsulaia, Levan"]
[Black "Gan-Erdene, Sugar"]
[Result "1/2-1/2"]
[WhiteTitle "GM"]
[BlackTitle "IM"]
[WhiteElo "2472"]
[BlackElo "2444"]
[WhiteFideId "13602071"]
[BlackFideId "4902980"]
[EventDate "2025.12.29"]

1. Nf3 c5 2. c4 Nc6 3. Nc3 g6 4. e3 Nf6 5. d4 cxd4 6. exd4 d5 7. cxd5 Nxd5 8.
Qb3 Nxc3 9. Bc4 e6 10. bxc3 Bg7 11. Ba3 Bf8 12. O-O Bxa3 13. Qxa3 Qe7 14. Qc1
O-O 15. Re1 Qf6 16. Ne5 Nxe5 17. dxe5 Qh4 18. Bd3 Bd7 19. Re4 Qe7 20. Qh6 Bc6
21. Rh4 f5 22. exf6 Rxf6 23. Be4 Bxe4 24. Rxe4 Rc8 25. Qe3 b6 26. h4 Rd8 27. Re1
Kf7 28. Re5 Qd6 29. h5 Rf8 30. hxg6+ hxg6 31. c4 Ke7 32. f3 Kf7 33. c5 bxc5 34.
Rxc5 Qb6 35. Rec1 Rf5 36. Kf2 Rd8 37. R5c2 Rfd5 38. Qxb6 axb6 39. g4 g5 40. a3
Rd3 41. Rc3 Rd2+ 42. Ke3 Rb2 43. Rh1 Rdd2 44. Rh7+ Kf6 45. Rhc7 Ke5 46. a4 Re2+
47. Kd3 Rbd2+ 48. Kc4 Rd4+ 49. Kb3 Re1 50. R7c6 Rb1+ 51. Kc2 Rdb4 52. Re3+ Kf4
53. Rcxe6 R1b2+ 54. Kc1 Ra2 55. R6e4+ Rxe4 56. Rxe4+ Kxf3 57. Rb4 Rg2 58. Rb3+
Kxg4 59. Rxb6 Kf4 60. Rb4+ Kf3 61. Rb3+ Kf4 62. Rb4+ Kg3 63. a5 Ra2 64. Rb5 g4
65. Kb1 Ra4 66. Kb2 Kf2 67. Kb3 Ra1 68. Kb2 Ra4 69. Kb3 1/2-1/2

[Event "World Blitz 2025"]
[Site "Doha QAT"]
[Date "2025.12.29"]
[Round "4.87"]
[White "Quparadze, Giga"]
[Black "Balakrishnan, Praveen"]
[Result "1/2-1/2"]
[WhiteTitle "GM"]
[BlackTitle "GM"]
[WhiteElo "2502"]
[BlackElo "2507"]
[WhiteFideId "13602250"]
[BlackFideId "2064871"]
[EventDate "2025.12.29"]

1. e4 e5 2. Nf3 Nc6 3. Bb5 a6 4. Ba4 Nf6 5. O-O Be7 6. Re1 b5 7. Bb3 O-O 8. a4
b4 9. a5 d6 10. d3 Be6 11. Nbd2 Bxb3 12. Nxb3 Re8 13. d4 exd4 14. Nbxd4 Nxd4 15.
Nxd4 Qd7 16. Qf3 d5 17. e5 Ne4 18. Bf4 c5 19. Ne2 Qf5 20. Rad1 Rad8 21. h3 Ng5
22. Bxg5 Qxf3 23. gxf3 Bxg5 24. f4 Be7 25. Ng3 g6 26. Re2 Rd7 27. Kg2 Red8 28.
f5 Bg5 29. Kf3 Bh4 30. Nf1 d4 31. f6 d3 32. cxd3 Rxd3+ 33. Rxd3 Rxd3+ 34. Kg2
Bg5 35. Ng3 Bf4 36. Ne4 Rd5 37. Rc2 Bxe5 38. Rxc5 Rxc5 39. Nxc5 Bxb2 40. Nxa6
Bc3 41. Nc5 Bd4 42. Nb3 Ba7 43. f4 Kf8 44. Kf3 Ke8 45. Ke4 Kd7 46. Kd5 h5 47.
Kc4 Ke6 48. Nd4+ Kxf6 49. a6 b3 50. Nxb3 Kf5 51. Nd4+ Kxf4 52. Nb5 Bb6 53. Kd5
Kg3 54. Kc6 Be3 55. Nc3 f5 56. Nd5 Ba7 57. Kb7 Bc5 58. Nb6 f4 59. a7 f3 60. a8=Q
f2 61. Qb8+ Kg2 62. Qe5 Bxb6 63. Qg5+ Kh1 64. Qd5+ Kg1 65. Qg5+ Kh1 66. Qd5+ Kg1
67. Qg5+ 1/2-1/2

[Event "World Blitz 2025"]
[Site "Doha QAT"]
[Date "2025.12.29"]
[Round "4.88"]
[White "Orozbaev, Eldiyar"]
[Black "Uskov, Artem"]
[Result "0-1"]
[WhiteTitle "IM"]
[BlackTitle "GM"]
[WhiteElo "2348"]
[BlackElo "2516"]
[WhiteFideId "13802240"]
[BlackFideId "34254854"]
[EventDate "2025.12.29"]

1. e4 c5 2. c3 d5 3. exd5 Qxd5 4. d4 Nf6 5. Nf3 e6 6. Na3 Qd8 7. dxc5 Qxd1+ 8.
Kxd1 Bxc5 9. Nb5 Na6 10. Nbd4 O-O 11. Be3 Ng4 12. Kc2 e5 13. Bxa6 bxa6 14. Nc6
Nxe3+ 15. fxe3 f6 16. b4 Bxe3 17. Ne7+ Kf7 18. Nxc8 Raxc8 19. Rad1 Rfd8 20. Kb3
Ke6 21. Rhe1 Bf2 22. Rxd8 Rxd8 23. Re2 Bb6 24. c4 g5 25. c5 Bc7 26. a4 g4 27.
Ne1 f5 28. b5 e4 29. Kc4 Bxh2 30. Nc2 Be5 31. Nb4 Rd4+ 32. Kb3 a5 33. Nc6 Rd3+
34. Ka2 Rc3 35. Nxa7 Rxc5 36. Nc6 Rc4 37. Kb3 Rc3+ 38. Ka2 e3 39. Nxa5 f4 40.
Nc6 f3 41. gxf3 gxf3 42. Re1 f2 43. Rh1 e2 44. Nxe5 Kxe5 0-1

[Event "World Blitz 2025"]
[Site "Doha QAT"]
[Date "2025.12.29"]
[Round "4.89"]
[White "Ibrahimli, Murad"]
[Black "Sychev, Klementy"]
[Result "1/2-1/2"]
[WhiteTitle "IM"]
[BlackTitle "GM"]
[WhiteElo "2438"]
[BlackElo "2517"]
[WhiteFideId "13410229"]
[BlackFideId "4114060"]
[EventDate "2025.12.29"]

1. d4 d5 2. c4 e5 3. e3 exd4 4. exd4 Nf6 5. Nf3 Be7 6. Nc3 O-O 7. Be2 dxc4 8.
Bxc4 Bg4 9. O-O Bxf3 10. Qxf3 Qxd4 11. Qxb7 Qxc4 12. Qxa8 Bd6 13. Qxa7 Bxh2+ 14.
Kxh2 Qxf1 15. f3 Qe1 16. Qxc7 Qh4+ 17. Kg1 Qe1+ 1/2-1/2

[Event "World Blitz 2025"]
[Site "Doha QAT"]
[Date "2025.12.29"]
[Round "4.90"]
[White "Altini, Nicola"]
[Black "Vakhidov, Jakhongir"]
[Result "1/2-1/2"]
[WhiteTitle "IM"]
[BlackTitle "GM"]
[WhiteElo "2360"]
[BlackElo "2516"]
[WhiteFideId "833924"]
[BlackFideId "14201801"]
[EventDate "2025.12.29"]

1. d4 Nf6 2. c4 g6 3. Nc3 d5 4. cxd5 Nxd5 5. Bd2 Bg7 6. e4 Nxc3 7. Bxc3 O-O 8.
Qd2 c5 9. d5 e6 10. Bc4 exd5 11. Bxd5 Nc6 12. Ne2 Be6 13. Bxc6 bxc6 14. Bxg7
Kxg7 15. Qc3+ Qf6 16. e5 Qg5 17. O-O Bd5 18. Ng3 Qf4 19. Rae1 Qd4 20. Qc1 h6 21.
Re3 Rae8 22. Rd1 Qc4 23. Rc3 Qxa2 24. f4 Rb8 25. Rd2 Rfe8 26. h4 Rb4 27. Rf2 Ra4
28. Qe3 Qb1+ 29. Rc1 Re4 30. Nxe4 Qxe4 31. Qxe4 Bxe4 32. Rxc5 Rb8 33. Rd2 Bd5
34. Ra5 Rb4 35. g3 g5 36. hxg5 hxg5 37. Rf2 Rb3 38. Kh2 g4 39. Rxa7 Rb8 40. Kg1
Rb4 41. f5 Kh6 42. e6 Rb3 43. Kh2 f6 44. Re2 Rd3 45. e7 Rd1 46. Rg2 Re1 47. Rd7
Kg5 48. b4 Kxf5 49. b5 Bxg2 50. Kxg2 cxb5 51. Rd5+ Kg6 52. Rxb5 Rxe7 53. Kf2 Re5
54. Rb4 Kf5 55. Rf4+ Kg5 56. Ra4 Rb5 57. Rc4 Rb2+ 58. Kg1 Re2 59. Ra4 f5 60. Rb4
Kf6 61. Kf1 Rd2 62. Rb8 Rd6 63. Kf2 Ke5 64. Re8+ Kd4 65. Rf8 Rd5 66. Re8 Re5 67.
Rxe5 Kxe5 68. Ke3 Kf6 69. Kf2 Ke6 70. Ke2 Kf7 71. Kf1 Ke7 72. Kf2 Kd6 73. Ke2
Ke6 74. Kd2 Kd6 75. Ke2 Kc5 76. Ke3 Kd5 77. Kd3 Ke6 78. Ke2 Kf7 79. Kd2 Kg6 80.
Ke3 Kg5 81. Kf2 Kf6 82. Ke2 Ke6 83. Kd2 Ke5 84. Ke3 1/2-1/2

[Event "World Blitz 2025"]
[Site "Doha QAT"]
[Date "2025.12.29"]
[Round "4.91"]
[White "Puranik, Abhimanyu"]
[Black "Anwoir, Tarik"]
[Result "0-1"]
[WhiteTitle "GM"]
[WhiteElo "2622"]
[BlackElo "2098"]
[WhiteFideId "5061245"]
[BlackFideId "9004904"]
[EventDate "2025.12.29"]

1. b3 d5 2. Bb2 c6 3. Nf3 Bf5 4. g3 h6 5. Bg2 e6 6. O-O Nd7 7. d3 Ngf6 8. Nbd2
Bh7 9. Ne5 Nxe5 10. Bxe5 Bd6 11. Bb2 O-O 12. e4 dxe4 13. dxe4 Bb4 14. c3 Bc5 15.
Qe2 Qc7 16. e5 Nd5 17. c4 Ne7 18. Be4 Rad8 19. Bxh7+ Kxh7 20. Ne4 Bd4 21. Nd6
Bxb2 22. Qxb2 c5 23. Rad1 Nc6 24. Qe2 Kg8 25. Rd3 Nd4 26. Qe4 b6 27. Rfd1 Rd7
28. h4 Qb8 29. Nb5 Nxb5 30. Rxd7 Nc3 31. Qe1 Nxd1 32. Qxd1 Qxe5 33. Rxa7 Qe4 34.
Qd2 Ra8 35. Rxa8+ Qxa8 36. Qe2 Qd8 37. Qe5 Qd1+ 38. Kg2 Qd8 39. Qe4 Qd6 40. a3
f5 41. Qf3 g5 42. hxg5 hxg5 43. g4 Qd7 44. b4 Kf7 45. bxc5 bxc5 46. gxf5 exf5
47. Qh5+ Kf6 48. Qh6+ Ke5 49. Qxg5 Qb7+ 50. Kg3 Qb3+ 51. Qe3+ Qxe3+ 52. fxe3 Ke4
53. Kf2 Kd3 54. a4 Kxc4 55. Ke2 Kb4 56. Kd3 c4+ 0-1

[Event "World Blitz 2025"]
[Site "Doha QAT"]
[Date "2025.12.29"]
[Round "4.92"]
[White "Svane, Rasmus"]
[Black "Rami, Talab"]
[Result "1-0"]
[WhiteTitle "GM"]
[WhiteElo "2608"]
[BlackElo "2173"]
[WhiteFideId "4657101"]
[BlackFideId "7609787"]
[EventDate "2025.12.29"]

1. Nf3 d5 2. g3 Nf6 3. Bg2 g6 4. c4 c6 5. O-O Bg7 6. d4 O-O 7. Qb3 dxc4 8. Qxc4
Be6 9. Qa4 Nbd7 10. Nc3 Nb6 11. Qc2 Nbd5 12. e4 Nxc3 13. bxc3 Bg4 14. Ne5 Qa5
15. Nxg4 Nxg4 16. e5 h5 17. Rb1 Qc7 18. Bf4 e6 19. Qd2 Kh7 20. Be4 Rad8 21. h3
Nh6 22. Kg2 Rh8 23. Qe2 Kg8 24. g4 hxg4 25. hxg4 f5 26. gxf5 Nxf5 27. Bxf5 gxf5
28. Rh1 Kf7 29. Qf3 Qd7 30. a4 Rxh1 31. Rxh1 Qd5 32. Rb1 b6 33. Kg3 Rg8 34. Qxd5
cxd5 35. Kf3 Rc8 36. Bd2 Rc7 37. Ke2 Ke8 38. Kd3 Kd7 39. Rg1 Ke8 40. Rb1 Kd7 41.
Bg5 Rc8 42. Be3 Rc7 43. Rh1 Ke8 44. Kc2 Kf7 45. Kb3 Rc8 46. Rc1 Ke7 47. Rg1 Kf7
48. Ra1 Ke7 49. a5 Kd7 50. axb6 axb6 51. Rg1 Bf8 52. Rg6 Re8 53. Bg5 b5 54. Rf6
Kc6 55. Rf7 Ra8 56. Be7 Ra7 57. Rxf8 Rxe7 58. Kb4 Ra7 59. Rf6 Ra4+ 60. Kb3 Kd7
61. Rf7+ Kd8 62. Rh7 Ke8 63. f4 Kd8 64. Rb7 Ra1 65. Kb4 Rf1 66. Kc5 Kc8 67. Rxb5
Rxf4 68. Kd6 Rf1 69. Rc5+ Kd8 70. Kxe6 f4 71. Rxd5+ Kc7 72. Rd7+ Kc6 73. d5+ Kc5
74. Rc7+ Kb6 75. Rf7 f3 76. Kd6 1-0

[Event "World Blitz 2025"]
[Site "Doha QAT"]
[Date "2025.12.29"]
[Round "4.93"]
[White "Robson, Ray"]
[Black "Aditya, Mittal"]
[Result "1-0"]
[WhiteTitle "GM"]
[BlackTitle "GM"]
[WhiteElo "2650"]
[BlackElo "2624"]
[WhiteFideId "2023970"]
[BlackFideId "35042025"]
[EventDate "2025.12.29"]

1. d4 d5 2. c4 e6 3. Nc3 c5 4. cxd5 cxd4 5. Qa4+ Bd7 6. Qxd4 exd5 7. Qxd5 Nf6 8.
Qb3 Na6 9. Nf3 Nc5 10. Qc2 Rc8 11. e3 Nce4 12. Bd3 Nxc3 13. bxc3 Nd5 14. O-O
Nxc3 15. Bb2 Na4 16. Qe2 Nxb2 17. Qxb2 Qb6 18. Qe5+ Qe6 19. Qg3 Qd6 20. Ne5 Rc5
21. Nxd7 Qxg3 22. Nf6+ Ke7 23. Ng8+ Rxg8 24. hxg3 g6 25. a4 Bg7 26. Rab1 b6 27.
Bb5 Rd8 28. Rfd1 Rc7 29. g4 Be5 30. g3 h6 31. Kg2 Bd6 32. Rd5 Bc5 33. Rbd1 Rxd5
34. Rxd5 Kf6 1-0

[Event "World Blitz 2025"]
[Site "Doha QAT"]
[Date "2025.12.29"]
[Round "4.94"]
[White "Makarian, Rudik"]
[Black "Averin, Nikolay"]
[Result "0-1"]
[WhiteTitle "GM"]
[BlackTitle "FM"]
[WhiteElo "2524"]
[BlackElo "2389"]
[WhiteFideId "44105681"]
[BlackFideId "24250473"]
[EventDate "2025.12.29"]

1. Nf3 d5 2. g3 c6 3. Bg2 Bf5 4. d3 h6 5. Nbd2 Nf6 6. Ne5 Nbd7 7. Nxd7 Nxd7 8.
e4 dxe4 9. dxe4 Bh7 10. O-O e6 11. Qe2 Qc7 12. Nc4 Be7 13. Rd1 O-O 14. e5 Nb6
15. Nd6 Rad8 16. Bf4 Nd5 17. Nc4 b5 18. Ne3 g5 19. Nxd5 cxd5 20. Be3 Qxe5 21.
Qxb5 Bxc2 22. Rd2 Be4 23. Bxa7 Bxg2 0-1

[Event "World Blitz 2025"]
[Site "Doha QAT"]
[Date "2025.12.29"]
[Round "4.95"]
[White "Stefansson, Vignir Vatnar"]
[Black "Agmanov, Zhandos"]
[Result "1-0"]
[WhiteTitle "GM"]
[BlackTitle "IM"]
[WhiteElo "2519"]
[BlackElo "2471"]
[WhiteFideId "2308649"]
[BlackFideId "13708309"]
[EventDate "2025.12.29"]

1. d4 Nf6 2. Nf3 d5 3. c4 e6 4. g3 Bb4+ 5. Nbd2 O-O 6. Bg2 b6 7. O-O Bb7 8. Ne5
Be7 9. b3 c5 10. Bb2 Nc6 11. cxd5 exd5 12. Nxc6 Bxc6 13. Rc1 Qd6 14. Ba3 Nd7 15.
dxc5 bxc5 16. Nc4 Qe6 17. Na5 Bb5 18. Bxd5 Qa6 19. Bxa8 Qxa5 20. Bd5 Qxa3 21.
Qc2 Nb6 22. Be4 g6 23. Bd3 Bd7 24. h4 Bg4 25. f3 Be6 26. h5 1-0